[Event "Varennes"]
[Site "Varennes CAN"]
[Date "2016.10.09"]
[Round "5.2"]
[White "Yu, Zong Yang"]
[Black "Chiku-Ratte, Olivier-Kenta"]
[Result "1/2-1/2"]
[WhiteElo "2457"]
[BlackElo "2439"]
[PlyCount "100"]
[EventDate "2016.10.07"]
[EventType "swiss"]
[EventRounds "5"]
[EventCountry "CAN"]

1. Nf3 Nf6 2. c4 c5 3. Nc3 e6 4. g3 b6 5. Bg2 Bb7 6. O-O Be7 7. d4 Ne4 8. Bd2
Nxc3 9. Bxc3 O-O 10. d5 exd5 11. Ne5 d6 12. Bxd5 Qc7 13. Ng4 Nd7 14. Qd2 Bxd5
15. Qxd5 Rfe8 16. Rfd1 Rac8 17. Rd3 Bf8 18. Re3 Rxe3 19. Nxe3 Nb8 20. Qg5 Qe7
21. Qxe7 Bxe7 22. Nf5 Rc7 23. Bxg7 f6 24. Bh6 Kf7 25. Rd1 Ke6 26. Nxe7 Rxe7 27.
Bd2 Nc6 28. Bc3 a6 29. a4 Rb7 30. Rd3 b5 31. axb5 axb5 32. cxb5 Ne5 33. Rd2
Rxb5 34. Kg2 d5 35. e3 c4 36. f3 Nd3 37. e4 h5 38. exd5+ Rxd5 39. Re2+ Kf5 40.
f4 Nc5 41. Kf3 Rd3+ 42. Re3 Rd1 43. h3 Rf1+ 44. Kg2 Rc1 45. Re2 Ne4 46. Bd4 Rd1
47. Be3 c3 48. bxc3 Nxc3 49. Rc2 Ne4 50. Bf2 h4 1/2-1/2

[Event "Ligue elite du dimanche 2016-17"]
[Site "Montreal CAN"]
[Date "2016.09.18"]
[Round "1"]
[White "Huang, Qiuyu"]
[Black "Chiku-Ratte, Olivier-Kenta"]
[Result "1-0"]
[WhiteElo "2105"]
[BlackElo "2430"]
[PlyCount "123"]
[EventDate "2016.09.18"]
[EventType "team"]
[EventRounds "5"]
[EventCountry "CAN"]

1. e4 c5 2. Nf3 d6 3. d4 cxd4 4. Nxd4 Nf6 5. Nc3 g6 6. Be3 Bg7 7. f3 a6 8. Qd2
Nbd7 9. O-O-O h5 10. Kb1 b5 11. h4 Bb7 12. a3 Rc8 13. Nb3 Qc7 14. Bd4 O-O 15.
Be2 Nc5 16. g4 Ne6 17. Be3 hxg4 18. h5 Nxh5 19. Nd4 Nxd4 20. Bxd4 Bxd4 21. Qxd4
Qc5 22. Qd2 Qe5 23. fxg4 Ng3 24. Rh3 Rxc3 25. bxc3 Nxe4 26. Qd4 Qxd4 27. Rxd4
e5 28. Rb4 Rc8 29. c4 Nd2+ 30. Kb2 Nxc4+ 31. Bxc4 Rxc4 32. Rxc4 bxc4 33. Kc3
Bd5 34. Rh2 Be6 35. Kb4 f5 36. gxf5 gxf5 37. Rd2 d5 38. Re2 e4 39. Kc5 f4 40.
Kd4 Kf7 41. Rf2 f3 42. c3 Kf6 43. Ke3 Kg5 44. Rb2 Kg4 45. Rb6 Bf5 46. Rxa6 Kg3
47. Rf6 Bd7 48. Rg6+ Bg4 49. Rf6 Bd7 50. Rg6+ Kh3 51. Rd6 Bg4 52. Rxd5 Kg2 53.
Rd2+ Kg3 54. a4 Bc8 55. a5 Bb7 56. Rd7 Bc8 57. Rg7+ Bg4 58. a6 f2 59. Rxg4+
Kxg4 60. Kxf2 Kf4 61. a7 e3+ 62. Ke2 1-0

[Event "Ligue elite du dimanche 2016-17"]
[Site "Montreal CAN"]
[Date "2016.09.25"]
[Round "2"]
[White "Chiku-Ratte, Olivier-Kenta"]
[Black "Fan, Run Kun"]
[Result "1-0"]
[WhiteElo "2430"]
[BlackElo "1974"]
[PlyCount "81"]
[EventDate "2016.09.18"]
[EventType "team"]
[EventRounds "5"]
[EventCountry "CAN"]

1. d4 d5 2. c4 c6 3. Nf3 Nf6 4. e3 e6 5. Bd3 Nbd7 6. O-O Bd6 7. Nc3 O-O 8. Qc2
dxc4 9. Bxc4 Qc7 10. h3 a6 11. e4 e5 12. dxe5 Nxe5 13. Nxe5 Bxe5 14. f4 Bd4+
15. Kh2 Be6 16. Bd3 Nd7 17. Ne2 Ba7 18. e5 f5 19. g4 Nc5 20. Bxf5 Bxf5 21. gxf5
Qd7 22. Ng3 Qd3 23. Qg2 Qd5 24. Qxd5+ cxd5 25. Be3 Ne4 26. Bxa7 Rxa7 27. Rad1
b5 28. Rxd5 Nxg3 29. Kxg3 Rxf5 30. Rd6 Kf7 31. h4 Ke7 32. Rc1 Rf8 33. Rcc6 Rd8
34. Rxa6 Rxa6 35. Rxa6 Rd2 36. b4 h5 37. Kf3 Rd4 38. a3 Rc4 39. Ke3 Kd7 40. Rg6
Rc3+ 41. Ke4 1-0

[Event "Ligue elite du dimanche 2016-17"]
[Site "Montreal CAN"]
[Date "2016.10.02"]
[Round "3"]
[White "Yao, Houji"]
[Black "Chiku-Ratte, Olivier-Kenta"]
[Result "0-1"]
[WhiteElo "2028"]
[BlackElo "2439"]
[PlyCount "146"]
[EventDate "2016.09.18"]
[EventType "team"]
[EventRounds "5"]
[EventCountry "CAN"]

1. e4 c5 2. Nf3 d6 3. d4 Nf6 4. Nc3 cxd4 5. Nxd4 g6 6. Be3 Bg7 7. f3 a6 8. Qd2
Nbd7 9. Be2 b5 10. a4 b4 11. Nd5 Nxd5 12. exd5 Bb7 13. O-O O-O 14. Qxb4 Bxd5
15. c4 Rb8 16. Qd2 Ba8 17. b4 a5 18. b5 Nc5 19. Ra3 d5 20. Nc6 Bxc6 21. Bxc5
Bb7 22. cxd5 Rc8 23. Qe3 Qxd5 24. Bb6 Qd6 25. Rb1 Bh6 26. Qxh6 Qxa3 27. Bxa5
Qa2 28. Re1 Qxa4 29. Bb6 e5 30. Qg5 Qf4 31. Qe7 Bd5 32. Bf1 Rfe8 33. Qd6 Bc4
34. Be3 Qf5 35. b6 Bxf1 36. Rxf1 Red8 37. Qb4 Qd3 38. Bf2 Qd5 39. Rb1 Rd7 40.
Re1 Re8 41. h3 f6 42. Rc1 e4 43. fxe4 Qxe4 44. Qb3+ Qd5 45. Qb4 Kf7 46. Rc5
Qd1+ 47. Kh2 Qe2 48. Qf4 Qe6 49. Rc7 Rxc7 50. Qxc7+ Re7 51. Qd8 Re8 52. Qc7+
Qe7 53. Qc6 Qe4 54. Qd7+ Re7 55. Qd8 f5 56. Qh8 Qe5+ 57. Qxe5 Rxe5 58. Bd4 Rb5
59. Kg3 g5 60. Kf3 Rb3+ 61. Ke2 Ke6 62. Kd2 Kd5 63. Kc2 Rb5 64. Kc3 Rb1 65. Kc2
Rb4 66. Kc3 Rc4+ 67. Kb3 Rc8 68. Bf6 Rb8 69. Bxg5 Rxb6+ 70. Kc3 Ke4 71. h4 f4
72. Kc2 h6 73. Be7 Rg6 0-1

[Event "Ligue elite du dimanche 2016-17"]
[Site "Montreal CAN"]
[Date "2016.11.06"]
[Round "4"]
[White "Zhu, Hong Rui"]
[Black "Chiku-Ratte, Olivier-Kenta"]
[Result "1/2-1/2"]
[WhiteElo "2297"]
[BlackElo "2457"]
[PlyCount "112"]
[EventDate "2016.09.18"]
[EventType "team"]
[EventRounds "5"]
[EventCountry "CAN"]

1. e4 c5 2. Nf3 d6 3. d4 Nf6 4. Nc3 cxd4 5. Nxd4 g6 6. Be3 Bg7 7. f3 a6 8. Qd2
Nbd7 9. O-O-O h5 10. Bg5 Qc7 11. f4 b5 12. e5 dxe5 13. fxe5 Qxe5 14. Re1 Qxg5
15. Qxg5 Bh6 16. h4 Bb7 17. Rh3 Bxg5+ 18. hxg5 Ng4 19. Be2 Nde5 20. Bf3 O-O-O
21. Bxb7+ Kxb7 22. Nf3 Nc6 23. a3 Kb6 24. Re2 Rd6 25. Rh1 f5 26. gxf6 exf6 27.
Rhe1 Nce5 28. Ne4 Rc6 29. Rd1 Nc4 30. Nd4 Rc7 31. Nxf6 Nge3 32. Rde1 Rf7 33.
Ne4 Rf4 34. b3 Rxe4 35. bxc4 Rxd4 36. Rxe3 Rxc4 37. Re6+ Ka5 38. Rxg6 Rhc8 39.
Re2 R8c5 40. Rh6 h4 41. Kb2 b4 42. a4 Rc3 43. Rd2 R3c4 44. Re2 Rc6 45. Re5+
Kxa4 46. Rxc6 Rxc6 47. Re4 Rg6 48. Rxh4 Rxg2 49. Rh5 a5 50. Rf5 Rg7 51. Rh5 Rb7
52. Rg5 Rb5 53. Rg8 Re5 54. Rb8 Rc5 55. Rb7 Rb5 56. Rh7 Rb8 1/2-1/2

[Event "Ligue elite du dimanche 2016-17"]
[Site "Montreal CAN"]
[Date "2016.11.12"]
[Round "5"]
[White "Chiku-Ratte, Olivier-Kenta"]
[Black "Rodrigue-Lemieux, Shawn"]
[Result "1-0"]
[WhiteElo "2457"]
[BlackElo "2141"]
[PlyCount "55"]
[EventDate "2016.09.18"]
[EventType "team"]
[EventRounds "5"]
[EventCountry "CAN"]

1. d4 d5 2. c4 e6 3. Nc3 Be7 4. cxd5 exd5 5. Bf4 c6 6. e3 Bf5 7. g4 Be6 8. h4
Bxh4 9. Qb3 b6 10. Nf3 Bf6 11. g5 Be7 12. Bd3 h5 13. g6 f6 14. e4 Qd7 15. exd5
Bxd5 16. Nxd5 Qxd5 17. Qxd5 cxd5 18. Bb5+ Kd8 19. Rc1 Bb4+ 20. Ke2 a6 21. Bc7+
Ke7 22. Ba4 Ke6 23. a3 Bf8 24. Be8 Ne7 25. Kd3 Kf5 26. Nh4+ Kg5 27. Rcg1+ Kh6
28. Bf4# 1-0

[Event "Montreal op"]
[Site "Montreal CAN"]
[Date "2016.09.09"]
[Round "1.5"]
[White "Durette, Francis"]
[Black "Chiku-Ratte, Olivier-Kenta"]
[Result "1-0"]
[WhiteElo "2133"]
[BlackElo "2430"]
[PlyCount "83"]
[EventDate "2016.09.09"]
[EventType "swiss"]
[EventRounds "5"]
[EventCountry "CAN"]

1. e4 c5 2. Nf3 d6 3. d4 cxd4 4. Nxd4 Nf6 5. Nc3 g6 6. f3 Bg7 7. Be3 a6 8. Be2
O-O 9. O-O b5 10. Nb3 Bb7 11. Qd2 Re8 12. Rad1 Nbd7 13. a3 Qc7 14. Kh1 Rac8 15.
Bh6 Bh8 16. Qe3 Ne5 17. Rd2 Nc4 18. Bxc4 Qxc4 19. Rfd1 Qc7 20. Nd4 Nd7 21. Nd5
Bxd5 22. exd5 Ne5 23. b3 Qc5 24. Qe4 Qxa3 25. h3 Qb4 26. Qe2 Nd7 27. Nc6 Qh4
28. Qe3 Bf6 29. Bf4 e6 30. Re2 e5 31. Bh2 Bg5 32. Qa7 Nc5 33. Bg1 e4 34. Bf2
Qh5 35. Rde1 Ra8 36. Qc7 Rec8 37. Qxd6 exf3 38. Re5 fxg2+ 39. Kxg2 Nb7 40. Qd7
Nd8 41. Ne7+ Kg7 42. Nxc8 1-0

[Event "Montreal op"]
[Site "Montreal CAN"]
[Date "2016.09.10"]
[Round "2.19"]
[White "Chiku-Ratte, Olivier-Kenta"]
[Black "Perna-Fraser, David"]
[Result "1-0"]
[WhiteElo "2430"]
[BlackElo "1907"]
[PlyCount "133"]
[EventDate "2016.09.09"]
[EventType "swiss"]
[EventRounds "5"]
[EventCountry "CAN"]

1. d4 Nf6 2. c4 e6 3. Nc3 Bb4 4. e3 b6 5. Nge2 Bb7 6. a3 Bxc3+ 7. Nxc3 O-O 8.
d5 exd5 9. cxd5 d6 10. g3 Nbd7 11. Bg2 Ba6 12. Bf1 Bxf1 13. Kxf1 a5 14. Kg2 Nc5
15. a4 Re8 16. f3 Nfd7 17. Qc2 Ne5 18. e4 Ned3 19. Be3 Nb4 20. Qd1 Ncd3 21. Qd2
Qd7 22. Bd4 f5 23. b3 Qf7 24. Rhf1 Qg6 25. Kg1 h5 26. Qg2 Rf8 27. Rad1 Rae8 28.
h4 Re7 29. Kh2 Ref7 30. Qe2 f4 31. Rg1 Qh6 32. Rxd3 Nxd3 33. Qxd3 fxg3+ 34.
Rxg3 Qf4 35. Ne2 Qxh4+ 36. Kg2 Qe7 37. f4 Rxf4 38. Nxf4 Rxf4 39. Rxg7+ Qxg7+
40. Bxg7 Rg4+ 41. Kh3 Rxg7 42. Kh4 Kf8 43. Kxh5 Ke8 44. Kh6 Re7 45. Kg6 Kd8 46.
Kf6 Re5 47. Qf3 Re8 48. Kf7 Re7+ 49. Kf8 Re8+ 50. Kg7 Re5 51. Qg4 Re7+ 52. Kf6
Re5 53. Qf5 Re8 54. Kg5 Rg8+ 55. Kf4 Re8 56. Qf6+ Kd7 57. Ke3 Re5 58. Kd4 Re7
59. Qf5+ Kd8 60. Kc4 Re5 61. Qg4 Re7 62. Kb5 Ke8 63. Kc6 Kf7 64. Qd7 Rxd7 65.
Kxd7 Kf6 66. Kxc7 Ke5 67. Kc6 1-0

[Event "Montreal op"]
[Site "Montreal CAN"]
[Date "2016.09.10"]
[Round "3.10"]
[White "Rodrigue-Lemieux, Shawn"]
[Black "Chiku-Ratte, Olivier-Kenta"]
[Result "0-1"]
[WhiteElo "2150"]
[BlackElo "2430"]
[PlyCount "98"]
[EventDate "2016.09.09"]
[EventType "swiss"]
[EventRounds "5"]
[EventCountry "CAN"]

1. e4 c5 2. b3 Nc6 3. Bb2 d5 4. exd5 Qxd5 5. h3 Bf5 6. Nc3 Qe5+ 7. Be2 Nd4 8.
d3 Bd7 9. Kf1 Bc6 10. Nf3 Qf4 11. Nxd4 cxd4 12. Ne4 O-O-O 13. Qd2 Qc7 14. Bf3
e5 15. Ng5 g6 16. Bxc6 bxc6 17. Nf3 Bh6 18. Qe2 f6 19. Re1 Qa5 20. a4 Qc5 21.
g4 Bf4 22. g5 Rd5 23. Bc1 Bxc1 24. Rxc1 Kc7 25. Re1 h6 26. gxf6 Nxf6 27. Rg1 g5
28. Nh2 Re8 29. Ng4 Nh5 30. Qe4 Qxc2 31. Nxh6 Nf4 32. Rg3 Qd2 33. Nf7 Rc5 34.
Nxg5 Re7 35. Rf3 Rc1 36. Rxc1 Qxc1+ 37. Qe1 Qc3 38. b4 Kb6 39. Ne4 Qxe1+ 40.
Kxe1 a5 41. Nd6 Kc7 42. Nf5 Rf7 43. Nh6 Ng2+ 44. Ke2 Rxf3 45. Kxf3 axb4 46. Ke2
b3 47. Kd2 Ne1 48. Kc1 Nxd3+ 49. Kb1 c5 0-1

[Event "Montreal op"]
[Site "Montreal CAN"]
[Date "2016.09.11"]
[Round "4.6"]
[White "Chiku-Ratte, Olivier-Kenta"]
[Black "Jacquet, Stephane"]
[Result "1-0"]
[WhiteElo "2430"]
[BlackElo "2050"]
[PlyCount "59"]
[EventDate "2016.09.09"]
[EventType "swiss"]
[EventRounds "5"]
[EventCountry "CAN"]

1. d4 d5 2. c4 dxc4 3. Nf3 Nf6 4. e3 e6 5. Bxc4 c5 6. O-O a6 7. Bb3 b5 8. a4 b4
9. e4 Bb7 10. d5 exd5 11. exd5 Bxd5 12. Re1+ Be7 13. Bg5 c4 14. Bxf6 gxf6 15.
Bc2 Nc6 16. Nbd2 Qc7 17. Qe2 Rg8 18. Bxh7 Nd4 19. Qe3 Nxf3+ 20. Nxf3 Rg7 21.
Be4 Rd8 22. Bxd5 Rxd5 23. Qe4 Rd8 24. Rac1 c3 25. bxc3 bxc3 26. Rxc3 Qa7 27.
Rce3 Rd7 28. Qc6 Kf8 29. Qc8+ Rd8 30. Qxd8+ 1-0

[Event "Montreal op"]
[Site "Montreal CAN"]
[Date "2016.09.11"]
[Round "5.2"]
[White "Chiku-Ratte, Olivier-Kenta"]
[Black "Yu, Zong Yang"]
[Result "0-1"]
[WhiteElo "2430"]
[BlackElo "2407"]
[PlyCount "70"]
[EventDate "2016.09.09"]
[EventType "swiss"]
[EventRounds "5"]
[EventCountry "CAN"]

1. d4 Nf6 2. c4 g6 3. Nc3 Bg7 4. e4 d6 5. f4 O-O 6. Nf3 c5 7. d5 e6 8. Be2 exd5
9. cxd5 Bg4 10. O-O Re8 11. h3 Bxf3 12. Bxf3 Nbd7 13. g4 h6 14. Qc2 c4 15. e5
dxe5 16. g5 Nh7 17. f5 Nxg5 18. Bg2 e4 19. Nxe4 Nxe4 20. Bxe4 Nc5 21. Bg2 Nd3
22. Qxc4 Qb6+ 23. Kh1 Nf2+ 24. Kh2 Rac8 25. Qh4 Rxc1 26. Raxc1 Be5+ 27. Kg1
Ne4+ 28. Kh1 Ng3+ 29. Qxg3 Bxg3 30. Rc3 Bb8 31. fxg6 fxg6 32. Rcf3 Qd6 33. Kg1
a6 34. Rd1 Qh2+ 35. Kf1 Ba7 0-1

[Event "New York State-ch"]
[Site "Albany USA"]
[Date "2016.09.03"]
[Round "1"]
[White "Chiku-Ratte, Olivier-Kenta"]
[Black "Rodrigue-Lemieux, Shawn"]
[Result "0-1"]
[WhiteElo "2430"]
[BlackElo "2181"]
[PlyCount "58"]
[EventDate "2016.09.02"]
[EventType "swiss"]
[EventRounds "6"]
[EventCountry "USA"]
[Source "Chessbase"]
[SourceDate "2016.09.26"]

1. d4 d5 2. c4 e6 3. Nc3 Be7 4. cxd5 exd5 5. Bf4 c6 6. Qc2 Nf6 7. h3 O-O 8. e3
Re8 9. O-O-O Qa5 10. g4 Na6 11. Kb1 Ne4 12. f3 Nxc3+ 13. bxc3 Nc7 14. Bxc7 Qxc7
15. Bd3 g6 16. e4 c5 17. e5 c4 18. Be2 b5 19. f4 b4 20. Bf3 Qa5 21. Ne2 Bd7 22.
Kc1 Ba4 23. Qb2 Bxd1 24. cxb4 Bxb4 25. Kxd1 Rab8 26. Kc2 Qa4+ 27. Kb1 Ba3 28.
Qxb8 Rxb8+ 29. Ka1 Qc2 0-1

[Event "New York State-ch"]
[Site "Albany USA"]
[Date "2016.09.04"]
[Round "3"]
[White "Chiku-Ratte, Olivier-Kenta"]
[Black "Rofrano, Joshua"]
[Result "1-0"]
[WhiteElo "2430"]
[BlackElo "2122"]
[PlyCount "111"]
[EventDate "2016.09.02"]
[EventType "swiss"]
[EventRounds "6"]
[EventCountry "USA"]
[Source "Chessbase"]
[SourceDate "2016.09.26"]

1. d4 Nf6 2. c4 c5 3. d5 b5 4. cxb5 a6 5. b6 e6 6. Nc3 Nxd5 7. Nxd5 exd5 8.
Qxd5 Nc6 9. e4 Be7 10. Bc4 O-O 11. Nf3 Rb8 12. O-O Rxb6 13. b3 d6 14. Qh5 Be6
15. Bxe6 fxe6 16. Qg4 Rf6 17. Bb2 Rg6 18. Qf4 d5 19. exd5 exd5 20. Qd2 d4 21.
Rfe1 Qd5 22. Qf4 Rb8 23. Qe4 Qh5 24. Ne5 Qxe5 25. Qxe5 Nxe5 26. Rxe5 Bd6 27.
Rd5 Re8 28. Kf1 Kf7 29. Ba3 Rge6 30. g3 Bf8 31. Bxc5 Bxc5 32. Rxc5 Re2 33. Rc7+
Kf6 34. Rd1 Rxa2 35. Rxd4 h6 36. Rf4+ Ke5 37. Rxg7 Re6 38. Rh7 Rb2 39. Rh4 Rxb3
40. R7xh6 Rxh6 41. Rxh6 Ra3 42. h4 a5 43. Kg2 Kf5 44. Rh5+ Kg6 45. Rb5 a4 46.
Ra5 Ra1 47. f4 a3 48. g4 a2 49. Ra6+ Kg7 50. g5 Kf7 51. f5 Kg7 52. Ra7+ Kg8 53.
f6 Rb1 54. Rxa2 Rb4 55. Kg3 Kf7 56. Ra7+ 1-0

[Event "New York State-ch"]
[Site "Albany USA"]
[Date "2016.09.04"]
[Round "4"]
[White "MacFarland, James"]
[Black "Chiku-Ratte, Olivier-Kenta"]
[Result "1/2-1/2"]
[WhiteElo "2200"]
[BlackElo "2430"]
[PlyCount "96"]
[EventDate "2016.09.02"]
[EventType "swiss"]
[EventRounds "6"]
[EventCountry "USA"]
[Source "Chessbase"]
[SourceDate "2016.09.26"]

1. d4 Nf6 2. Nf3 c5 3. d5 e6 4. Nc3 d6 5. e4 e5 6. Be2 g6 7. O-O Bg7 8. Nd2 O-O
9. a4 Ne8 10. Nc4 Nd7 11. f4 exf4 12. Bxf4 Qe7 13. Bd3 g5 14. Bg3 Bd4+ 15. Kh1
Ne5 16. Nxe5 Bxe5 17. Bxe5 Qxe5 18. Qf3 Kg7 19. Nd1 Nf6 20. Ne3 Qe7 21. Rae1
Bd7 22. Nf5+ Bxf5 23. Qxf5 Qe5 24. Qh3 h6 25. Rf5 Qe7 26. e5 Nxd5 27. Qg3 Rae8
28. Re2 Qd8 29. exd6 Nb4 30. Rxe8 Rxe8 31. h4 f6 32. Rxc5 Nc6 33. Bc4 Re4 34.
hxg5 hxg5 35. Bd3 Rh4+ 36. Kg1 Qb6 37. Qe3 Rd4 38. b4 Qxb4 39. Rxg5+ fxg5 40.
Qxg5+ Kf7 41. Qg6+ Kf8 42. Qf6+ Kg8 43. Qg6+ Kf8 44. Qf6+ Ke8 45. Bg6+ Kd7 46.
Bf5+ Ke8 47. Bg6+ Kd7 48. Bf5+ Ke8 1/2-1/2

[Event "New York State-ch"]
[Site "Albany USA"]
[Date "2016.09.05"]
[Round "5"]
[White "Chiku-Ratte, Olivier-Kenta"]
[Black "Park, Sangmin"]
[Result "1-0"]
[WhiteElo "2430"]
[BlackElo "1726"]
[PlyCount "61"]
[EventDate "2016.09.02"]
[EventType "swiss"]
[EventRounds "6"]
[EventCountry "USA"]
[Source "Chessbase"]
[SourceDate "2016.09.26"]

1. d4 Nf6 2. c4 g6 3. Nc3 Bg7 4. e4 d6 5. f4 O-O 6. Nf3 c5 7. d5 Na6 8. Be2 Nc7
9. O-O e6 10. Nd2 exd5 11. cxd5 Re8 12. a4 Bd7 13. g4 Qe7 14. Bf3 b5 15. g5
Nfxd5 16. Nxd5 Nxd5 17. exd5 Qe3+ 18. Kh1 Qxf4 19. Ne4 Qh4 20. Nf6+ Bxf6 21.
gxf6 Qxf6 22. Bg2 Qe7 23. Qf3 Bf5 24. axb5 Qb7 25. Qg3 Be4 26. Bxe4 Rxe4 27.
Qxd6 Qxb5 28. Bh6 Rh4 29. Rxf7 Rxh2+ 30. Qxh2 Kxf7 31. Qc7+ 1-0

[Event "New York State-ch"]
[Site "Albany USA"]
[Date "2016.09.05"]
[Round "6"]
[White "Chiku-Ratte, Olivier-Kenta"]
[Black "Dean Kawamura, Ben"]
[Result "1-0"]
[WhiteElo "2430"]
[BlackElo "2231"]
[PlyCount "86"]
[EventDate "2016.09.02"]
[EventType "swiss"]
[EventRounds "6"]
[EventCountry "USA"]
[Source "Chessbase"]
[SourceDate "2016.09.26"]

1. d4 Nf6 2. c4 g6 3. Nc3 Bg7 4. e4 d6 5. f4 O-O 6. Nf3 e5 7. fxe5 dxe5 8. d5
c6 9. Bd3 b5 10. O-O bxc4 11. Bxc4 Nbd7 12. dxc6 Qb6+ 13. Kh1 Qxc6 14. Bd5 Nxd5
15. Nxd5 Kh8 16. Bg5 Ba6 17. Nb4 Qb5 18. Nxa6 Rac8 19. a4 Qb7 20. Qd5 Qxd5 21.
exd5 e4 22. Nd2 f5 23. Rac1 Bxb2 24. Rc6 Nb6 25. Rxb6 axb6 26. Be7 Bc3 27. Nxe4
Rfe8 28. Nd6 Rxe7 29. Nxc8 Rd7 30. Rd1 Rd8 31. Ne7 Bf6 32. Nc6 Ra8 33. Ncb8 Kg7
34. d6 Kf7 35. d7 Bd8 36. Nc6 Bf6 37. d8=Q Bxd8 38. Nxd8+ Kf6 39. Nc7 Rxa4 40.
Nd5+ Kg5 41. Nf7+ Kh4 42. Nxb6 Ra7 43. Ne5 g5 1-0

[Event "Mercredi 2016.08.31 ABCD"]
[Site "Montreal CAN"]
[Date "2016.08.31"]
[Round "1"]
[White "Chiku-Ratte, Olivier-Kenta"]
[Black "Soudre, Nicolas"]
[Result "1-0"]
[WhiteElo "2430"]
[BlackElo "2150"]
[PlyCount "63"]
[EventDate "2016.08.31"]
[EventType "tourn"]
[EventRounds "5"]
[EventCountry "CAN"]

1. d4 e6 2. c4 Nf6 3. Nc3 d5 4. cxd5 exd5 5. Bg5 c6 6. e3 Be7 7. Bd3 O-O 8. Qc2
Nbd7 9. Nge2 Re8 10. O-O Nf8 11. f3 h6 12. Bh4 Be6 13. Rad1 Rc8 14. e4 dxe4 15.
fxe4 Bg4 16. Bc4 Be6 17. Bd3 Bg4 18. Bf2 Qa5 19. h3 Bxe2 20. Bxe2 Ne6 21. Bc4
c5 22. Bxe6 fxe6 23. d5 exd5 24. exd5 Bd6 25. Bh4 Be5 26. Bxf6 Bxf6 27. Rxf6
gxf6 28. Qg6+ Kh8 29. Qxh6+ Kg8 30. Rd3 Kf7 31. Qh7+ Kf8 32. Rg3 1-0

[Event "Mercredi 2016.08.31 ABCD"]
[Site "Montreal CAN"]
[Date "2016.09.14"]
[Round "3"]
[White "Leveille, Francois"]
[Black "Chiku-Ratte, Olivier-Kenta"]
[Result "0-1"]
[WhiteElo "2357"]
[BlackElo "2430"]
[PlyCount "68"]
[EventDate "2016.08.31"]
[EventType "tourn"]
[EventRounds "5"]
[EventCountry "CAN"]

1. g3 Nf6 2. Bg2 c5 3. e4 Nc6 4. d3 g6 5. Nc3 d6 6. h3 Bg7 7. Be3 O-O 8. Qd2
Re8 9. Nge2 Nd7 10. Bh6 Bh8 11. h4 Nde5 12. f3 e6 13. h5 Rb8 14. hxg6 fxg6 15.
Bg5 Qc7 16. a3 b5 17. Rb1 a5 18. a4 bxa4 19. Nxa4 Nd4 20. O-O Nec6 21. c3 Nxe2+
22. Qxe2 Ba6 23. Rf2 Ne5 24. Rd1 Qc6 25. Qc2 Bxd3 26. Rxd3 Nxd3 27. Qxd3 Qxa4
28. Qxd6 Rxb2 29. Rxb2 Qa1+ 30. Bf1 Qxb2 31. Qd7 Qb8 32. Bb5 Qxg3+ 33. Kh1
Qxf3+ 34. Kg1 Qg4+ 0-1

[Event "Mercredi 2016.08.31 ABCD"]
[Site "Montreal CAN"]
[Date "2016.09.21"]
[Round "4"]
[White "Chiku-Ratte, Olivier-Kenta"]
[Black "Lopez Linares, Lizandro"]
[Result "1-0"]
[WhiteElo "2430"]
[BlackElo "2240"]
[PlyCount "55"]
[EventDate "2016.08.31"]
[EventType "tourn"]
[EventRounds "5"]
[EventCountry "CAN"]

1. d4 d5 2. c4 Bf5 3. cxd5 Bxb1 4. Qa4+ c6 5. Rxb1 Qxd5 6. e3 b5 7. Qc2 Nf6 8.
Nf3 Qxa2 9. Bd3 e6 10. O-O Be7 11. e4 h6 12. Bxh6 Qa6 13. Bxg7 Rg8 14. Bxf6
Bxf6 15. d5 cxd5 16. exd5 Nd7 17. dxe6 fxe6 18. Rfe1 Kf7 19. Qc7 Rgd8 20. Be4
Rac8 21. Qf4 Rg8 22. Rbd1 Nf8 23. Rd6 Qa4 24. b3 Qa3 25. Bd5 Re8 26. Bc6 Re7
27. Ne5+ Kg7 28. Re3 1-0

[Event "Mercredi 2016.08.31 ABCD"]
[Site "Montreal CAN"]
[Date "2016.09.28"]
[Round "5"]
[White "Tremblay, Alain"]
[Black "Chiku-Ratte, Olivier-Kenta"]
[Result "0-1"]
[WhiteElo "2215"]
[BlackElo "2413"]
[PlyCount "82"]
[EventDate "2016.08.31"]
[EventType "tourn"]
[EventRounds "5"]
[EventCountry "CAN"]

1. d4 Nf6 2. Nf3 e6 3. e3 c5 4. c3 b6 5. Nbd2 Bb7 6. Bd3 Be7 7. O-O O-O 8. Qe2
Nc6 9. dxc5 bxc5 10. e4 d6 11. Re1 Qc7 12. Nf1 Nd7 13. Bf4 Bf6 14. Rad1 Nde5
15. Nxe5 Nxe5 16. Ba6 Bc6 17. Bb5 Rab8 18. Bxc6 Qxc6 19. Rd2 Rfd8 20. Red1 a5
21. Bxe5 Bxe5 22. g3 g6 23. Qc4 Rd7 24. Ne3 Bg7 25. h4 Re8 26. Qd3 a4 27. a3 f5
28. exf5 gxf5 29. Qc4 d5 30. Qf4 Rf7 31. Qg5 Kh8 32. Re1 Rb8 33. Qh5 Rfb7 34.
Ree2 d4 35. cxd4 cxd4 36. Ng2 Re8 37. Nf4 Kg8 38. Nd3 Rf7 39. Ne5 Qc1+ 40. Kg2
Bxe5 41. Rc2 Qb1 0-1

[Event "NAYCC U18"]
[Site "Windsor CAN"]
[Date "2016.08.07"]
[Round "1.4"]
[White "Han, Joseph"]
[Black "Chiku-Ratte, Olivier-Kenta"]
[Result "0-1"]
[WhiteElo "2172"]
[BlackElo "2323"]
[PlyCount "200"]
[EventDate "2016.08.07"]
[EventType "swiss"]
[EventRounds "9"]
[EventCountry "CAN"]

1. e4 c5 2. Nf3 e6 3. Qe2 a6 4. g3 d6 5. Bg2 Nf6 6. c3 Qc7 7. O-O Be7 8. d4
Nbd7 9. Nbd2 O-O 10. Rd1 Rb8 11. e5 Nd5 12. exd6 Bxd6 13. Ne4 b5 14. b3 cxd4
15. Nxd4 Be5 16. Bb2 Bb7 17. Rac1 Rbc8 18. c4 bxc4 19. Rxc4 Qb6 20. Ng5 h6 21.
Bxd5 Bxd5 22. Qc2 hxg5 23. Rxc8 Qb7 24. Rxf8+ Nxf8 25. f3 Bxd4+ 26. Rxd4 Bxf3
27. Qd2 Qe7 28. Rd8 Bd5 29. Qc3 f6 30. Rc8 Kf7 31. Rc7 Nd7 32. Qa5 Ke8 33. Ba3
Qd8 34. Qc3 Kf7 35. Rc8 Qb6+ 36. Kf1 Qb5+ 37. Ke1 Ne5 38. Rc7+ Kg6 39. Bf8 Nf3+
40. Kf2 Nxh2 41. Qc2+ Kh5 42. Qe2+ Qxe2+ 43. Kxe2 Kg4 44. Kf2 Nf3 45. Rxg7 Nd2
46. Be7 Ne4+ 47. Ke3 Nxg3 48. Bxf6 Nf5+ 49. Kf2 Nxg7 50. Bxg7 Kf4 51. Bf8 e5
52. Bc5 g4 53. Be3+ Ke4 54. Bc5 Kd3 55. Ke1 e4 56. Bd6 Ke3 57. Be5 Kf3 58. Kd2
e3+ 59. Ke1 Be6 60. Bd6 Bf7 61. Bc7 Bg8 62. Bd6 Bd5 63. Be7 Bf7 64. Bd6 g3 65.
Bc7 g2 66. Bh2 Ke4 67. Ke2 Bh5+ 68. Ke1 Kd3 69. Bg1 Bf3 70. b4 Bc6 71. Kd1 Ba4+
72. Ke1 Bc2 73. Bh2 Ba4 74. Bg1 Bb5 75. Bh2 Bc6 76. Bg1 Bb5 77. Bh2 Kc3 78. Bg1
Kd3 79. Kd1 Bc6 80. Ke1 Ba4 81. Bh2 Be8 82. Bg1 Bd7 83. a3 Bb5 84. Kd1 Bd7 85.
Ke1 Ba4 86. Bh2 Be8 87. Bg1 Bd7 88. Bh2 Bc6 89. Bg1 Ba4 90. Bh2 Bb5 91. Bg1 Ba4
92. Bh2 Bb3 93. Bg1 Bc4 94. Bh2 Kc3 95. Bg1 e2 96. Bc5 Kb3 97. Kd2 Bb5 98. Ke1
Kxa3 99. Kd2 Kb3 100. Ke1 Kc3 0-1

[Event "NAYCC U18"]
[Site "Windsor CAN"]
[Date "2016.08.08"]
[Round "2.2"]
[White "Chiku-Ratte, Olivier-Kenta"]
[Black "Shi, Diwen"]
[Result "0-1"]
[WhiteElo "2323"]
[BlackElo "2209"]
[PlyCount "176"]
[EventDate "2016.08.07"]
[EventType "swiss"]
[EventRounds "9"]
[EventCountry "CAN"]

1. d4 Nf6 2. c4 e6 3. Nc3 Bb4 4. f3 d5 5. a3 Bxc3+ 6. bxc3 c5 7. cxd5 Nxd5 8.
dxc5 f5 9. Nh3 Qa5 10. Nf4 Qxc3+ 11. Bd2 Qxc5 12. Nxd5 exd5 13. g3 O-O 14. Bf4
Qc3+ 15. Kf2 Qc5+ 16. e3 Be6 17. Qb3 Qe7 18. Qb4 Rf7 19. Bd6 Qd8 20. Rc1 a5 21.
Qf4 Nc6 22. h4 Rd7 23. Bc5 d4 24. Bb5 d3 25. Bxc6 bxc6 26. Bd4 Rc8 27. Rc5 Bb3
28. Ke1 Rd5 29. Kd2 Rxc5 30. Bxc5 Qd5 31. Rc1 Bc2 32. Bd4 Re8 33. Qc7 Qf7 34.
Qxc6 Re6 35. Qa8+ Re8 36. Qxa5 Qa2 37. Qb4 Rc8 38. Bb2 Qd5 39. Qe7 Qa5+ 40. Qb4
Qd5 41. Qb6 Kh8 42. Qa7 Rg8 43. Rf1 Qb3 44. Qd4 Bd1 45. Qc3 Qc2+ 46. Qxc2 dxc2
47. Kc1 Re8 48. e4 fxe4 49. fxe4 Kg8 50. e5 h5 51. Rf4 Re6 52. a4 Kh7 53. a5
Ra6 54. Bc3 Rc6 55. Bb4 Bg4 56. Rf7 Rc4 57. Bf8 Kg8 58. Rf2 Ra4 59. Rxc2 Kxf8
60. Rc5 Ke7 61. Kd2 Ra3 62. Rc7+ Bd7 63. Ra7 Rxg3 64. a6 Ra3 65. Ra8 Ke6 66. a7
Kxe5 67. Ke1 Kd4 68. Kf2 Ra2+ 69. Kg3 Ke5 70. Rh8 Ra3+ 71. Kf2 Rxa7 72. Rxh5+
Kf4 73. Rc5 Bf5 74. Rc4+ Be4 75. h5 Ra2+ 76. Kf1 Ke3 77. Rc3+ Bd3+ 78. Kg1 Ra1+
79. Kg2 Ra5 80. Rc7 Be4+ 81. Kh3 Rxh5+ 82. Kg3 Rg5+ 83. Kh4 Rg1 84. Rf7 g6 85.
Rf8 Bf5 86. Ra8 Rg4+ 87. Kh3 Ra4+ 88. Kg3 Rxa8 0-1